| 000 | 00911nam a22002777a 4500 | ||
|---|---|---|---|
| 001 | 9134 | ||
| 003 | FISKH | ||
| 005 | 20251216145914.0 | ||
| 008 | 251124b cb ||||| |||| 00| 0 eng d | ||
| 020 | _a9780140566369 | ||
| 040 |
_aFISKH _beng _cFISKH _dFISKH |
||
| 050 | _aQA113 .J64 | ||
| 082 | _a513.2 | ||
| 100 |
_aJohnson, Stephen T. _eAuthor |
||
| 245 |
_aCity by numbers / _cStephen T. Johnson |
||
| 260 |
_aNew York : _bPenguin Group , _c1998 |
||
| 300 |
_a28 unnumbered pages : _bcolor illustrations ; _c27 cm |
||
| 505 | _aJ | ||
| 520 | _aPaintings of various sites around New York City--from a shadow on a building to a wrought iron-gate to the Brooklyn Bridge--depict the numbers from one to twenty-one. | ||
| 521 | 8 |
_a500
_bLexile estimate |
|
| 521 | 8 |
_aJ
_bRaz-Plus |
|
| 650 |
_aPicture book _vWordless |
||
| 650 |
_aCounting _vHidden pictures |
||
| 942 |
_2ddc _cBK _n0 |
||
| 999 |
_c9134 _d9134 |
||